000
00166nam a22000857a 4500
082
_a
823
100
_a
UNKNOWN
245
_a
MY BOOK OF ABC CONTAIN OF PHYSICS
942
_c
BK
999
_c
8253
_d
8253